Eurovision 2024 - Indovina la Canzone (Click Map) - Statistics

Statistiche generali
  • Questo quiz è stato fatto 25 volte
  • Il punteggio medio è 12 su 37
Risposte nella Mappa
Le risposte nella mappa del quiz sottostante sono codificate secondo una scala di colori dal rosso al verde in base alla % di persone che hanno risposto correttamente.
 
Statistiche sulle risposte
Risposta % Corretto
Angelina Mango - La noia
74%
Joost Klein - Europapa
68%
Nemo - The Code
68%
Baby Lasagna - Rim Tim Tagi Dim
58%
Bambie Thug - Doomsday Blue
58%
Eden Golan - Hurricane
53%
Al'ona Al'ona & Jerry Heil - Teresa & Maria
47%
Nebulossa - Zorra
47%
Aiko - Pedestal
42%
Kaleen - We Will Rave
42%
Marcus & Martinus - Unforgettable
42%
Marina Satti - Zari
42%
Olly Alexander - Dizzy
37%
Slimane - Mon amour
37%
Electric Fields - One Milkali (One Blood)
32%
Luna - The Tower
32%
Tali - Fighter
32%
5miinust & Puuluup - (Nendest) narkootikumidest ei tea me (küll) midagi
26%
Dons - Hollow
26%
Hera Björk - Scared of Heights
26%
Megara - 11:11
26%
Mustii - Before the Party's Over
26%
Windows95man feat. Henri Piispanen - No Rules!
26%
Besa - Titan
21%
Fahree feat. İlkin Dövlətov - Özünlə apar
21%
Gåte - Ulveham
21%
Iolanda - Grito
21%
Isaak - Always on the Run
21%
Ladaniva - Jako
21%
Raiven - Veronika
21%
Sarah Bonnici - Loop
21%
Silia - Kapsis Liar
21%
Saba - Sand
16%
Silvester Belt - Luktelk
16%
Teya Dora - Ramonda
16%
Natalia Barbu - In the Middle
5%
Nutsa Buzaladze - Firefighter
5%
Nessun quiz corrispondente trovato
Distribuzione punteggi
Percentuale di utenti per punteggio
Percentile per numero di risposta
I tuoi punteggi nel tempo
Non hai fatto questo quiz